000 00524nam a2200181Ia 4500
003 OSt
005 20260327115305.0
008 211028s2009 xx 000 0 und d
040 _cAIMIT LIBRARY
041 _aeng
082 _a658.8 FURJ
100 _aFurtado, Jeena Jenet;Wright, Rowena.
_g716078
_96259
245 _aAttrition and job satisfaction:
_bstudy with reference to AEGIS BPO services ltd /
260 _bWright, Rowena
_c2009
600 _aMarketing
_96260
650 _aMarketing
_96261
942 _2ddc
_cPRO
999 _c218178
_d218178